| 000 | 00520nam a2200205Ia 4500 | ||
|---|---|---|---|
| 008 | 170918s9999 xx 000 0 und d | ||
| 020 | _a439116759 | ||
| 050 | _bB658 1993 | ||
| 100 | _aBlume, Judy | ||
| 245 | _aIt's heaven to be seven : | ||
| 245 | _b12 stories about being seven / | ||
| 245 | _cJudy Blume, Roald Dahl and four others. | ||
| 260 | _aNew York : | ||
| 260 | _bScholastic, | ||
| 260 | _c1993 | ||
| 300 | _a111 pages : | ||
| 300 | _bcolored illustration ; | ||
| 300 | _c19cm. | ||
| 500 | _a540 | ||
| 999 |
_c341635 _d341635 |
||